000 01868nab a2200253 a 4500
005 20250310175539.0
008 991125c2016 mx qr p o 000 0 spa d
035 _aUPN01000218392
040 _aUPN
_bspa
_cUPN
_eaacr2
049 _aART-E
100 1 _aSalinas López, Humberto Lisandro
245 1 0 _a¿Didáctica específica de las disciplinas?
_h[recurso electrónico en línea]
506 0 _aAcceso abierto
520 3 _aUna de las grandes aportaciones de los filósofos de la ciencia contemporáneos permitió construir la conceptualización de Naturaleza de la Ciencia (NdC) y su vinculación con el Conocimiento Didáctico del Contenido (CDC), que ha contribuido a revolucionar la Didáctica de las Ciencias Experimentales, donde los profesores que la han aplicado para la comprensión de los hechos científicos, descubrieron que se obtienen resultados más exitosos sobre el aprendizaje y la enseñanza con alumnos de los ciclos de secundaria y de bachillerato donde se han hecho estas investigaciones. En la Escuela Nacional Colegio de Ciencias y Humanidades esta práctica de enseñanza es aún incipiente, lo que sugiere que los docentes que educamos en ciencias tengamos un mayor acercamiento a las raíces de dicha conceptualización, es decir a: la filosofía de la ciencia, la epistemología de la ciencia, la historia de la ciencia y la sociología de la ciencia.
650 4 _94978
_aTecnología educativa
653 0 _aDidáctica
653 0 _aFilosofía de la ciencia
653 0 _aConocimiento científico
773 _gAño 9, no. 25 (2016), p. 21-28
_tEutopía : revista del Colegio de Ciencias y Humanidades para el Bachillerato
_x1870-8137
856 4 _ahttps://www.cch.unam.mx/comunicacion/sites/www.cch.unam.mx.comunicacion/files/subidas/Eutopia25.pdf
902 _aGloria Jiménez/0924
905 _aArticulo
942 _cART-E
999 _c190492
_d190492